000 00834nam a22002657a 4500
003 DO-SdBNP
005 20240530073925.0
007 ta
008 210630b 2017 pr 00| 0 eng d
020 _a9789945581959
040 _aDO-SdBNP
_bspa
_cBNPHU
082 4 _aRD863.5
_bC957L
100 1 _aCruz Santos, Evelyn,
_d1931-
_979043
245 1 0 _aLa monja impura /
_cEvelyn Cruz Santos.
260 _aSan Juan, Puerto Rico :
_bIsla Negra editores,
_c2017.
300 _a145. ;
_c22 cm.
490 _aLa montaña de papel
500 _aIncluye datos biográficos de la autora en la solapa de la cubierta.
590 _aInventariado, 2021 /LP
650 0 _aNovela dominicana
_9223
650 4 _aLiteratura dominicana
_979879
830 0 _aLa montaña de papel
_91186
910 _aValidado. Control de calidad MFF
942 _2ddc
_cLBS1
999 _c50021
_d50021